Executive's guide to effective speaking and writing. (Record no. 15026)

000 -LEADER
fixed length control field 00674nam a2200205 a 4500
001 - CONTROL NUMBER
control field :::00012864$&:&@@
003 - CONTROL NUMBER IDENTIFIER
control field OkBaRHE
005 - DATE AND TIME OF LATEST TRANSACTION
control field 20000607103423.0
008 - FIXED-LENGTH DATA ELEMENTS--GENERAL INFORMATION
fixed length control field s1969 j 000 0 eng u
040 ## - CATALOGING SOURCE
Transcribing agency
100 1# - MAIN ENTRY--PERSONAL NAME
Personal name Dyer, Frederick Charles, 1918-
245 10 - TITLE STATEMENT
Title Executive's guide to effective speaking and writing.
260 ## - PUBLICATION, DISTRIBUTION, ETC. (IMPRINT)
Place of publication, distribution, etc Englewood Cliffs, NJ., :
Name of publisher, distributor, etc Prentice-Hall, Inc.
Date of publication, distribution, etc c1969
300 ## - PHYSICAL DESCRIPTION
Extent 240 p. ;
Dimensions 24 cm.
650 ## - SUBJECT ADDED ENTRY--TOPICAL TERM
Topical term or geographic name as entry element English Language
General subdivision Grammar
-- 1950-
650 ## - SUBJECT ADDED ENTRY--TOPICAL TERM
Topical term or geographic name as entry element English Language
General subdivision Rhetoric
650 ## - SUBJECT ADDED ENTRY--TOPICAL TERM
Topical term or geographic name as entry element Public Speaking
942 ## - ADDED ENTRY ELEMENTS (KOHA)
Source of classification or shelving scheme
Koha item type Books
Copies
Barcode Withdrawn status Shelving location Copy number Lost status Not for loan Date last seen Date acquired Koha item type Price effective from Damaged status Full call number Source of classification or shelving scheme Permanent Location
12864 General Stacks1  2010-04-142010-04-14Books2010-04-14 PE 1408 .D9 RHEMA Bible Training College